MARC

LEADER 00000nam0a2200000 4500
001 310159
005 20231102002247.0
035 |a (RuTPU)RU\TPU\book\335500 
090 |a 310159 
100 |a 20151121d1981 km y0rusy50 ca 
101 0 |a rus 
102 |a RU 
105 |a a z 001zy 
200 1 |a Структурное районирование Камчатской тектонической области  |f В. И. Мараханов, С. В. Потапьев  |g Академия наук СССР (АН СССР), Сахалинский комплексный научно-исследовательский институт (СахКНИИ) 
210 |a Москва  |c Наука  |d 1981 
215 |a 88 с.  |c ил. 
320 |a Библиогр.: с. 80-87 
606 1 |a Тектоника  |2 stltpush  |3 (RuTPU)RU\TPU\subj\58770  |9 76521 
610 1 |a структурное районирование 
610 1 |a Камчатка 
610 1 |a тектонические особенности 
610 1 |a тектоническое строение 
610 1 |a исследование 
610 1 |a методика 
610 1 |a геоморфология 
610 1 |a геологические данные 
610 1 |a геофизическая характеристика 
610 1 |a формационные комплексы 
675 |a 551.24  |v 4 
700 1 |a Мараханов  |b В. И.  |g Владимир Иванович 
701 1 |a Потапьев  |b С. В.  |g Станислав Васильевич 
712 0 2 |a Академия наук СССР (АН СССР)  |b Сахалинский комплексный научно-исследовательский институт (СахКНИИ)  |c (Южно-Сахалинск)  |c (1955-1984)  |2 stltpush  |3 (RuTPU)RU\TPU\col\15708 
801 1 |a RU  |b 63413507  |c 20151121 
801 2 |a RU  |b 63413507  |c 20180920  |g RCR 
942 |c BK